LEADER 01241nam2 22002771i 450 001 UON00527318 005 20241227115446.753 100 $a20241220d1953 |0itac50 ba 101 $ager 102 $aDE 105 $a|||| ||||| 200 0 $a2$fWalther Mitzka 210 $aGiessen$cSchmitz$d1953 215 $a39 carte, 41 carte di tavole$d31x35 cm. 461 1$1001UON00527261$12001 $aDeutscher Wortatlas$fWalther Mitzka, Ludwig Erich Schmitt$1210 $aGiessen$cSchmitz$d1951-1980$1215 $a22 volumi$1300 $aIl secondo autore compare dal volume 5.. - Il legame con la collana compare dal volume 11..$v2 606 $aAtlanti linguistici$xGermania$3UONC104165$2FI 620 $aDE$dGiessen$3UONL000777 676 $a430.223$cTedesco. Carte geografiche e materiali affini, piante, diagrammi$v22 700 1$aMITZKA$bWalther$3UONV115702$0165016 712 $aWilhelm Schmitz Verlag$3UONV267711$4650 801 $aIT$bSOL$c20250103$gRICA 899 $aSIBA - SISTEMA BIBLIOTECARIO DI ATENEO$2UONSI 912 $aUON00527318 950 $aSIBA - SISTEMA BIBLIOTECARIO DI ATENEO$dSI GRANDI FORC - Stesi 0036 $eSI ST 5082/1 7 0036 996 $a2$94303560 997 $aUNIOR